Pathways to peace: a glance at the various religions (Record no. 215846)
[ view plain ]
| 000 -LEADER | |
|---|---|
| fixed length control field | 00614nam a2200217Ia 4500 |
| 003 - CONTROL NUMBER IDENTIFIER | |
| control field | OSt |
| 005 - DATE AND TIME OF LATEST TRANSACTION | |
| control field | 20250122101237.0 |
| 008 - FIXED-LENGTH DATA ELEMENTS--GENERAL INFORMATION | |
| fixed length control field | 210719s2019 xx 000 0 und d |
| 020 ## - INTERNATIONAL STANDARD BOOK NUMBER | |
| International Standard Book Number | 978-93-86516-60-2 |
| 040 ## - CATALOGING SOURCE | |
| Transcribing agency | AL |
| 041 ## - LANGUAGE CODE | |
| Language code of text/sound track or separate title | eng |
| 082 ## - DEWEY DECIMAL CLASSIFICATION NUMBER | |
| Classification number | 291 KUMP |
| 100 ## - MAIN ENTRY--PERSONAL NAME | |
| Personal name | KUMAR (Bala Kiran) |
| 9 (RLIN) | 194449 |
| 245 ## - TITLE STATEMENT | |
| Title | Pathways to peace: a glance at the various religions |
| 260 ## - PUBLICATION, DISTRIBUTION, ETC. | |
| Place of publication, distribution, etc. | Bengaluru |
| Date of publication, distribution, etc. | 2019 |
| 300 ## - PHYSICAL DESCRIPTION | |
| Extent | 191 |
| Other physical details | PB |
| 650 ## - SUBJECT ADDED ENTRY--TOPICAL TERM | |
| Topical term or geographic name entry element | Comparative Religion |
| 9 (RLIN) | 194450 |
| 650 ## - SUBJECT ADDED ENTRY--TOPICAL TERM | |
| Topical term or geographic name entry element | Comparative Religion |
| 9 (RLIN) | 194450 |
| 906 ## - LOCAL DATA ELEMENT F, LDF (RLIN) | |
| a | a ; at ; glance ; Pathways ; peace: ; religions ; to ; various |
| 942 ## - ADDED ENTRY ELEMENTS (KOHA) | |
| Source of classification or shelving scheme | Dewey Decimal Classification |
| Koha item type | Book |
| Withdrawn status | Lost status | Damaged status | Not for loan | Collection code | Home library | Current library | Date acquired | Source of acquisition | Total Checkouts | Full call number | Barcode | Date last seen | Price effective from | Koha item type | Date last checked out |
|---|---|---|---|---|---|---|---|---|---|---|---|---|---|---|---|
| St Aloysius Library | St Aloysius Library | 03/13/2019 | General Annual | 291 KUMP | D04480 | 07/19/2021 | 07/19/2021 | Donated Books | |||||||
| St Aloysius Library | St Aloysius Library | 03/13/2019 | General Annual | 291 KUMP | D04481 | 07/19/2021 | 07/19/2021 | Donated Books | |||||||
| St Aloysius Library | St Aloysius Library | 03/13/2019 | General Annual | 291 KUMP | D04482 | 07/19/2021 | 07/19/2021 | Donated Books | |||||||
| St Aloysius Library | St Aloysius Library | 03/13/2019 | General Annual | 1 | 291 KUMP | D04483 | 08/04/2025 | 07/19/2021 | Donated Books | 01/22/2025 | |||||
| St Aloysius Library | St Aloysius Library | 03/13/2019 | General Annual | 1 | 291 KUMP | D04484 | 09/11/2024 | 07/19/2021 | Donated Books | 09/02/2024 |